000 01187nam a22003497a 4500
003 CHAP
005 20220817044350.0
008 100805s2004 mx a r 00010 spa d
010 _a99011
011 _a99983
020 _a9680200418
035 _a110669
040 _cCHAP
082 1 4 _a660.6
_bR85
100 0 0 _aRuíz Figueroa, José Feliciano.
_9100875
245 1 1 _a¿Por qué los organismos genéticamente modificados (transgénicos) no se utilizan en agricultura orgánica?
_c/por José Feliciano Ruiz Figueroa
260 _aChapingo, Méx. :
_bUACH : CONARAO,
_c2004
300 _a105 p. :
_bilus.
590 _aBATCH-UPD
_b10
_c20130110
_lUCH01
_h1139
590 _aBATCH-UPD
_b10
_c20130410
_lUCH01
_h0725
590 _aBATCH-UPD
_b10
_c20130913
_lUCH01
_h2234
590 _aCONVERSION
_b10
_c20130109
_lUCH01
_h1355
650 1 4 _aAgricultura orgánica.
_92005
650 1 4 _aAgricultura
_xMedidas de seguridad.
_91741
650 1 4 _aBiotecnología.
_912878
650 1 4 _aIngeniería genética.
_958228
650 1 4 _aTransgénicos.
901 _aBK
911 _aen proceso
942 _cLIBRO
949 _a660.6 R85
_bBC
_cUACH
_d33724002216579
_eUACH
_gI.c/e
_h113092
_i110669
_si
999 _c99011
_d99011